[Event "Titled Tuesday intern op 09th Jan Early"]
[Site "Chess.com INT"]
[Date "2024.01.09"]
[Round "11"]
[White "Hercegovac, Neven"]
[Black "Khamdamova, Afruza"]
[Result "0-1"]
[WhiteElo "2301"]
[BlackElo "2327"]
[PlyCount "54"]
[EventDate "2024.01.09"]
[EventType "swiss (blitz)"]
[EventRounds "11"]
[EventCountry "USA"]
[SourceTitle "CB03_2024"]
[SourceDate "2024.01.17"]
[SourceVersion "1"]
[SourceVersionDate "2024.01.17"]
[SourceQuality "1"]

1. d4 Nf6 2. Bf4 d5 3. e3 c5 4. Nf3 Nc6 5. Nbd2 cxd4 6. exd4 Bf5 7. Bb5 e6 8. Ne5 Rc8 9. 0-0 Bd6 10. c4 0-0 11. Bxc6 bxc6 12. c5 Bb8 13. b4 Ne4 14. Nxe4 Bxe4 15. Bg3 Qe8 16. a4 f6 17. Nf3 e5 18. dxe5 fxe5 19. Nd2 Bd3 20. Re1 e4 21. f3 Bxg3 22. hxg3 Qg6 23. fxe4 dxe4 24. b5 cxb5 25. axb5 Rxc5 26. Rxa7 Rxb5 27. Qa4 Qb6+ 0-1

[Event "Titled Tuesday intern op 12th Dec Early"]
[Site "Chess.com INT"]
[Date "2023.12.12"]
[Round "1"]
[White "Kim, Sergey2"]
[Black "Hercegovac, Neven"]
[Result "0-1"]
[WhiteElo "2295"]
[BlackElo "2301"]
[PlyCount "90"]
[EventDate "2023.12.12"]
[EventType "swiss (blitz)"]
[EventRounds "11"]
[EventCountry "USA"]
[SourceTitle "CB51_2023"]
[SourceDate "2023.12.20"]
[SourceVersion "1"]
[SourceVersionDate "2023.12.20"]
[SourceQuality "1"]

1. d4 Nf6 2. c4 c5 3. d5 e6 4. Nc3 exd5 5. cxd5 d6 6. e4 g6 7. Nge2 h5 8. Bg5 Bg7 9. Qd2 a6 10. a4 Nbd7 11. h4 Qc7 12. Ng3 0-0 13. Be2 Rb8 14. 0-0 Re8 15. f4 c4 16. e5 dxe5 17. f5 b5 18. axb5 axb5 19. Nce4 Nxe4 20. Nxe4 Nc5 21. Nf6+ Bxf6 22. Bxf6 Ne4 23. Qh6 Qb6+ 24. Kh2 Qxf6 25. fxg6 Qxg6 26. Qe3 Bg4 27. Ra7 Bxe2 28. Rfxf7 Bd3 29. d6 Qg3+ 30. Qxg3+ Nxg3 31. Kxg3 Rf8 32. Rg7+ Kh8 33. Rge7 Rbe8 34. Reb7 Rg8+ 35. Kf2 Be4 36. Ke3 Bxb7 37. Rxb7 Rg7 38. Rxb5 Rd7 39. Rd5 Re6 40. Ke4 Rdxd6 41. Rc5 Rd4+ 42. Kf5 Re8 43. Kg5 e4 44. Rc7 e3 45. Kg6 Rd6+ 0-1

[Event "Titled Tuesday intern op 12th Sep Late"]
[Site "Chess.com INT"]
[Date "2023.09.12"]
[Round "6"]
[White "Hercegovac, Neven"]
[Black "Vila Dupla, Aurelio"]
[Result "1-0"]
[WhiteElo "2207"]
[BlackElo "2030"]
[PlyCount "71"]
[EventDate "2023.09.12"]
[EventType "swiss (blitz)"]
[EventRounds "11"]
[EventCountry "USA"]
[SourceTitle "EXT 2024"]
[Source "ChessBase"]
[SourceDate "2023.10.10"]
[SourceVersion "1"]
[SourceVersionDate "2023.10.10"]
[SourceQuality "1"]

1. d4 Nf6 2. Bf4 g6 3. Nf3 Bg7 4. e3 0-0 5. Be2 b6 6. h3 Bb7 7. 0-0 d5 8. Nbd2 c5 9. c3 Nc6 10. Ne5 Nd7 11. Nxc6 Bxc6 12. Nf3 Re8 13. a4 a6 14. Re1 e5 15. dxe5 Nxe5 16. Nxe5 Bxe5 17. Bxe5 Rxe5 18. Bf3 Qc7 19. Qe2 Rae8 20. Qxa6 d4 21. Bxc6 Qxc6 22. cxd4 cxd4 23. Rec1 Qd6 24. Rd1 Rd5 25. Rxd4 Rxd4 26. exd4 Qxd4 27. Qb5 Re5 28. Qc6 Rc5 29. Qe8+ Kg7 30. Qe2 Re5 31. Qc2 Rc5 32. Qb3 Rc4 33. Rd1 Qc5 34. g3 Rc2 35. Rf1 Qd4 36. Qxc2 1-0

[Event "Titled Tuesday intern op 12th Sep Late"]
[Site "Chess.com INT"]
[Date "2023.09.12"]
[Round "4"]
[White "Shohat, Yotam"]
[Black "Hercegovac, Neven"]
[Result "1-0"]
[WhiteElo "2332"]
[BlackElo "2207"]
[PlyCount "107"]
[EventDate "2023.09.12"]
[EventType "swiss (blitz)"]
[EventRounds "11"]
[EventCountry "USA"]
[SourceTitle "EXT 2024"]
[Source "ChessBase"]
[SourceDate "2023.10.10"]
[SourceVersion "1"]
[SourceVersionDate "2023.10.10"]
[SourceQuality "1"]

1. e4 e6 2. d4 d5 3. Nc3 Nf6 4. e5 Nfd7 5. f4 c5 6. Nf3 Nc6 7. Be3 cxd4 8. Nxd4 Qb6 9. Qd2 Qxb2 10. Rb1 Qa3 11. Bb5 Nxd4 12. Bxd4 a6 13. Bxd7+ Bxd7 14. Rb3 Qe7 15. Rxb7 Rc8 16. Qe3 Qd8 17. Bb6 Qh4+ 18. g3 Qh3 19. Kf2 h5 20. Ne2 h4 21. Nd4 hxg3+ 22. Qxg3 Qxg3+ 23. Kxg3 Bc5 24. Bxc5 Rxc5 25. Rhb1 Rc3+ 26. Kg2 Rc4 27. Ra7 0-0 28. c3 Ba4 29. Rbb7 Rxc3 30. Nxe6 Bc6 31. Rc7 d4+ 32. Kf2 Rf3+ 33. Ke2 d3+ 34. Kd2 Rf2+ 35. Kxd3 Bb5+ 36. Ke3 Rg2 37. Nxf8 Kxf8 38. Rc8+ Be8 39. Raa8 Ke7 40. Rxe8+ Kd7 41. Rad8+ Kc6 42. Kf3 Rxa2 43. Rd6+ Kb5 44. Rb8+ Ka5 45. Rd5+ Ka4 46. Rd4+ Ka5 47. Rb3 Rxh2 48. Ke4 Rh4 49. Kd5 g5 50. f5 g4 51. e6 Rh3 52. Rxh3 gxh3 53. Rh4 fxe6+ 54. fxe6 1-0

[Event "Titled Tuesday intern op 22nd Aug Late"]
[Site "Chess.com INT"]
[Date "2023.08.22"]
[Round "9"]
[White "Montano, Vicente Guadalupe"]
[Black "Hercegovac, Neven"]
[Result "1/2-1/2"]
[WhiteElo "1734"]
[BlackElo "2103"]
[PlyCount "108"]
[EventDate "2023.08.22"]
[EventType "swiss (blitz)"]
[EventRounds "11"]
[EventCountry "USA"]
[SourceTitle "EXT 2024"]
[Source "ChessBase"]
[SourceDate "2023.10.10"]
[SourceVersion "1"]
[SourceVersionDate "2023.10.10"]
[SourceQuality "1"]

1. d4 Nf6 2. c4 g6 3. Nc3 d5 4. Nf3 Bg7 5. Qb3 dxc4 6. Qxc4 0-0 7. e4 Nc6 8. d5 Na5 9. Qa4 c6 10. dxc6 Nxc6 11. Be3 a6 12. a3 Bd7 13. Qc2 Rc8 14. Be2 Qa5 15. 0-0 Rfd8 16. Rad1 Ng4 17. Bf4 Nce5 18. Nxe5 Nxe5 19. Rd5 Qc7 20. Rfd1 Bc6 21. Rxd8+ Rxd8 22. Rxd8+ Qxd8 23. h3 Qd4 24. Be3 Qd6 25. Qd2 Qxd2 26. Bxd2 e6 27. Kf1 b5 28. Be3 Nc4 29. Bxc4 bxc4 30. f3 Kf8 31. Ke2 Ke8 32. Kd2 Kd7 33. Bc5 Be5 34. Be3 f6 35. Kc2 g5 36. b3 cxb3+ 37. Kxb3 h5 38. Kc4 g4 39. hxg4 hxg4 40. Bd4 gxf3 41. gxf3 Bxd4 42. Kxd4 e5+ 43. Kc5 Bb7 44. Kb6 Kc8 45. a4 f5 46. a5 f4 47. Kc5 Kc7 48. Nd5+ Kd7 49. Nb6+ Ke7 50. Nc4 Ke6 51. Nd6 Ba8 52. Nc4 Bb7 53. Nd6 Ba8 54. Nc4 Bb7 1/2-1/2